Asamar loka sanskriti (Record no. 2329)

MARC details
000 -LEADER
fixed length control field 00478cam a2200193ua 4500
001 - CONTROL NUMBER
control field 2476
005 - DATE AND TIME OF LATEST TRANSACTION
control field 20260515113514.0
008 - FIXED-LENGTH DATA ELEMENTS--GENERAL INFORMATION
fixed length control field 110823n ii |||gr||||Z||||||asm
040 ## - CATALOGING SOURCE
Transcribing agency MAIN
082 ## - DEWEY DECIMAL CLASSIFICATION NUMBER
Classification number 398.054162
100 1# - MAIN ENTRY--PERSONAL NAME
Personal name Baruah, Birinchi Kr.,
245 1# - TITLE STATEMENT
Title Asamar loka sanskriti
Statement of responsibility, etc. by Birinchi kr. Baruah
250 ## - EDITION STATEMENT
Edition statement 8th.
260 ## - PUBLICATION, DISTRIBUTION, ETC.
Place of publication, distribution, etc. Guahati:
Name of publisher, distributor, etc. Bina library,
Date of publication, distribution, etc. 2005.
300 ## - PHYSICAL DESCRIPTION
Extent 319p:
Other physical details ill;
Dimensions 23cm.
653 ## - INDEX TERM--UNCONTROLLED
Uncontrolled term Folklore
653 ## - INDEX TERM--UNCONTROLLED
Uncontrolled term Assamese culture
942 ## - ADDED ENTRY ELEMENTS (KOHA)
Koha item type Books
Holdings
Withdrawn status Lost status Damaged status Not for loan Home library Current library Shelving location Date acquired Total checkouts Full call number Barcode Date last seen Copy number Price effective from Koha item type Date last checked out
        Naharkatiya College Library Naharkatiya College Library General stacks 09/19/2020   398.054162 | BAR 17168 09/19/2020 1 09/19/2020 Books  
        Naharkatiya College Library Naharkatiya College Library General stacks 09/19/2020 4 398.054162 | BAR 18116 11/05/2024 2 09/19/2020 Books 10/19/2024
        Naharkatiya College Library Naharkatiya College Library General stacks 09/19/2020 3 398.054162 | BAR 18117 08/27/2025 3 09/19/2020 Books 08/14/2025